[Event "Leitersdorf Region-ch"]
[Site "Leitersdorf"]
[Date "2017.01.05"]
[Round "2.21"]
[White "Boeheim, Ernst"]
[Black "Muik, Josef Jr"]
[Result "1-0"]
[WhiteElo "1179"]
[BlackElo "1503"]
[PlyCount "71"]
[EventDate "2017.01.04"]
[EventType "swiss"]
[EventRounds "5"]
[EventCountry "AUT"]
[SourceTitle "EXT 2024"]
[Source "ChessBase"]
[SourceDate "2023.10.10"]
[SourceVersion "1"]
[SourceVersionDate "2023.10.10"]
[SourceQuality "1"]

1. e4 c5 2. Nf3 d6 3. Bc4 e6 4. d3 a6 5. a3 Nc6 6. Nc3 b5 7. Ba2 Be7 8. Be3 Bb7 9. Qd2 h6 10. 0-0-0 b4 11. Nb1 Nf6 12. h3 a5 13. g4 Nh7 14. h4 Qb6 15. g5 Nd4 16. Rh3 b3 17. cxb3 Nxb3+ 18. Bxb3 Qxb3 19. Nc3 d5 20. Qc2 Qxc2+ 21. Kxc2 d4 22. Nb5 Kd7 23. Ne5+ Kc8 24. Bd2 a4 25. Nc4 Ra6 26. Bf4 Nf8 27. Nbd6+ Bxd6 28. Nxd6+ Rxd6 29. Bxd6 Nd7 30. Rhh1 g6 31. Kb1 h5 32. Rc1 Ba6 33. Rhd1 Kb7 34. Bxc5 Ne5 35. Bxd4 Nxd3 36. Bxh8 1-0